000 00488nam a22001697a 4500
005 20251108171027.0
008 250721s2001 xx 000 0 ara d
082 1 4 _a216.1/سما
100 1 _aسمارة، محمد
245 1 0 _aالمختصر المفيد في أصول الفقه /
264 1 _aعمان :
_bالمركز القومي،
_c2001.
300 _a141ص
650 1 7 _aالفقه الإسلامي
650 1 7 _aأصول الفقه
942 _2ddc
_cBK
999 _c54742
_d54742